000 00376nam a2200145Ia 4500
008 230917s9999||||xx |||||||||||||| ||und||
040 _e247316
_aMAIN
041 _aEnglish
082 _a647.94 J989E
100 _aJyoti
245 0 _aEnvironmental practices in Indian hotels industry: A study of selected star hotels
260 _c2017
300 _a197 p.
942 _cTH
999 _c127790
_d127790